000 00889nam a22002537a 4500
003 UA-OsUOA
001 24690
007 ta
008 20040226b un ||||| |||| 00| 0 ukr d
100 _aШевченко О.О.
090 _a340.12(091)(075.8)
_bШ37
942 _cBK
040 _aUA-OsUOA
_bukr
_cUA-OsUOA
_dUA-OsUOA
245 _aІсторія держави і права зарубіжних країн
_bНавчальний посібник для студентів юридичних вузів та факультетів
300 _a256 с.
955 _a0
041 _aukr
080 _a340.12(091)(075.8)
020 _a5-7707-6819-3
260 _aКиїв
_bВентурі
_c1995
044 _aUA
650 7 _a340 Право в цілому. Пропедевтика. Методи та допоміжні правничі науки
_2UDC
999 _c310970
_d310970